[Event "San Francisco Bagby Memorial g/45"]
[Site "San Francisco"]
[Date "2005.07.16"]
[Round "2"]
[White "Sathe, Rohan"]
[Black "Lupton, Stephen"]
[Result "1-0"]
[WhiteElo "1613"]
[BlackElo "1375"]
[PlyCount "99"]
[EventDate "2005.07.16"]
[EventType "swiss (rapid)"]
[EventRounds "5"]
[EventCountry "USA"]
[SourceTitle "EXT 2007"]
[Source "ChessBase"]
[SourceDate "2006.11.23"]
[SourceVersion "1"]
[SourceVersionDate "2006.11.23"]
[SourceQuality "1"]

1. d4 Nf6 2. Nf3 g6 3. Bf4 d6 4. Nbd2 Bg7 5. c3 0-0 6. Qc2 c5 7. e3 Nc6 8. Bd3 a6 9. 0-0 b5 10. Rfe1 Re8 11. e4 c4 12. Be2 d5 13. e5 Nh5 14. Bg3 Nxg3 15. fxg3 Be6 16. Rf1 f6 17. exf6 exf6 18. Rae1 a5 19. b3 a4 20. b4 Ne7 21. Nh4 Qd7 22. Rf2 Rf8 23. Ref1 Bg4 24. Bxg4 Qxg4 25. Re1 Rae8 26. Rfe2 Rf7 27. Nf1 Qd7 28. Qd2 Rff8 29. Re6 f5 30. Qe2 Rf6 31. Rxe7 Rxe7 32. Qxe7 Qxe7 33. Rxe7 Kf8 34. Rd7 Re6 35. Kf2 g5 36. Nf3 h6 37. Rxd5 f4 38. gxf4 g4 39. Ne5 Bf6 40. Rxb5 Ke7 41. f5 Rd6 42. Rb7+ Ke8 43. Nxc4 Rd5 44. Nfe3 Rd8 45. Ra7 h5 46. b5 Rb8 47. b6 Be7 48. b7 Kf7 49. Ne5+ Kf6 50. Nd7+ 1-0